| 000 | 00735aam a2200253 4500 | ||
|---|---|---|---|
| 999 |
_c33372 _d33372 |
||
| 001 | 2560 | ||
| 003 | CO-MdFUSB | ||
| 005 | 20171109104855.0 | ||
| 008 | 170407t1998 xxu||||| |||| 00| 0 eng d | ||
| 020 | _a0-8028-4425-1 | ||
| 040 |
_aCO-MdFUSB _bspa _cCO-MdFUSB _dCO-MdFUSBC _erda |
||
| 041 | 0 | _aeng | |
| 082 | 0 | 4 | _aG 225.6 F557t |
| 100 | 1 |
_aFitzmyer, Joseph A. _eautor |
|
| 245 | 3 |
_aTo advance the Gospel : New Testament studies _c/ Joseph A. Fitzmyer |
|
| 250 | _a2 | ||
| 264 | 4 |
_aGrand Rapids, MI., USA: _b Eerdmans, _c© 1998 |
|
| 300 | _aXVII, 427 Pag | ||
| 336 |
_2rdacontent _atexto _btxt |
||
| 337 |
_2rdamedia _asin mediación _bn |
||
| 338 |
_2rdacarrier _avolumen _bnc |
||
| 630 | 0 | 7 |
_aBiblia. _pNuevo Testamento |
| 942 | _cBK | ||